El humor es más fuerte 1973-1991

Saved in:
Bibliografiske detaljer
Hovedforfatter: Guillo (Author)
Format: Bog
Sprog:spansk
Udgivet: Santiago Ediciones del Ornitorrinco 1990
Fag:
Tags: Tilføj Tag
Ingen Tags, Vær først til at tagge denne postø!

MARC

LEADER 00000nam a2200000 a 4500
001 UCH2026
003 CL-VaPUC
008 090520e19900000CL |||||||||||||||||spa|d
020 |a 9562100404 
082 0 4 |a 070.444  |b GUI  |2 21 
100 |a Guillo  |e author  |9 562911 
245 1 3 |a El humor es más fuerte 1973-1991 
300 |a 144 p 
942 |c BK 
945 |d 20090520 00:00:00  |a dcastane 
260 |a Santiago  |b Ediciones del Ornitorrinco  |c 1990 
500 |a Guillo, pseudónimo de Guillermo Bastías 
650 7 |a HUMOR PERIODISTICO  |2 CL-VaPUC  |9 536654 
650 0 |a Humor gráfico  |9 536655 
583 |a last modification  |c 20090520 00:00:00  |k Rodrigo Vera 
999 |c 333882  |d 333880 
952 |0 0  |1 0  |4 0  |6 070_444000000000000_GUI_1990  |7 0  |8 A  |9 422528  |a BIBHIS  |b BIBHIS  |d 2019-11-22  |i 4518160  |o 070.444 GUI 1990  |p 4518160  |r 2025-01-20  |w 2019-11-22  |y BK  |k HIS